[Event "29. Friedensfest-Open (AFRO-A)"]
[Site "Augsburg"]
[Date "2024.08.10"]
[Round "6.13"]
[White "Brand, Leonhard"]
[Black "Merkel, Luis"]
[Result "1/2-1/2"]
[WhiteElo "1981"]
[BlackElo "2053"]
[EventDate "2024.08.08"]
[Time "15:30:00"]
[WhiteNrv "1981"]
[BlackNrv "2053"]
[WhiteTwz "1981"]
[BlackTwz "2053"]
[WhiteFideId "34649646"]
[BlackFideId "12972800"]
[WhiteNatFedId "10655780"]
[BlackNatFedId "10407203"]
[WhiteAttr "M"]
[BlackAttr "M"]
[WhiteTeam "SK Freising"]
[BlackTeam "SG Buechenbach/Roth e.V."]
[PlyCount "0"]

1.e4 c5 2.c3 Nf6 3.e5 Nd5 4.d4 cxd4 5.Nf3 d6 6.Bc4 Nb6 7.Bb3 Nc6 8.exd6 
Qxd6 9.O-O Be6 10.Nxd4 Nxd4 11.cxd4 Bxb3 12.Qxb3 e6 13.Nc3 Be7 14.Rd1 O-O 
15.d5 exd5 16.Nxd5 Nxd5 17.Rxd5 Qe6 18.Be3 a6 19.Rad1 b5 20.g3 Rfd8 21.
Rxd8+ Rxd8 22.Rxd8+ Bxd8 23.Qxe6 fxe6 24.Bd4 Kf7 25.Kg2 Bc7 26.Kf3 e5 27.
Bc5 Kf6 28.Ke4 Ke6 29.f3 g6 30.b3 Bb8 31.Bf8 Bc7 32.Bg7 Bd6 33.h3 Bc7 34.
g4 Bd6 35.Bh6 1/2-1/2

[Event "29. Friedensfest-Open (AFRO-A)"]
[Site "Augsburg"]
[Date "2024.08.10"]
[Round "6.14"]
[White "Mayer, Manuel"]
[Black "Blodig, Vincent"]
[Result "0-1"]
[WhiteElo "1832"]
[BlackElo "2034"]
[EventDate "2024.08.08"]
[Time "15:30:00"]
[WhiteNrv "1832"]
[BlackNrv "2034"]
[WhiteTwz "1832"]
[BlackTwz "2034"]
[WhiteFideId "34636838"]
[BlackFideId "16297857"]
[WhiteNatFedId "10762354"]
[BlackNatFedId "10680650"]
[WhiteAttr "M"]
[BlackAttr "M"]
[WhiteTeam "TSV Landsberg 1882"]
[BlackTeam "SF Augsburg"]
[PlyCount "0"]

1.d4 Nf6 2.c4 e6 3.g3 d5 4.Bg2 Bb4+ 5.Nc3 O-O 6.Nf3 Nbd7 7.cxd5 exd5 8.O-O
Re8 9.Bf4 c6 10.Rc1 Nb6 11.Ne5 Bf5 12.a3 Bd6 13.Nd3 Bxf4 14.gxf4 Nc4 15.
Na4 Bxd3 16.Qxd3 Qd6 17.e3 b5 18.b3 Nxa3 19.Nb2 a5 20.Qc3 Rec8 21.Nd3 a4 
22.Nb4 axb3 23.Bh3 Rc7 24.Ra1 Ne4 25.Qxb3 Rca7 26.Rfc1 Nc4 27.Rxa7 Rxa7 
28.Nd3 Qa3 29.Qd1 Ra8 30.Bd7 Qd6 31.Bf5 Ned2 32.Qh5 g6 33.Qg4 b4 34.Ne5 b3
35.Bd3 b2 36.Rd1 Ra1 37.f5 Rxd1+ 38.Qxd1 Qa3 39.Nxc4 dxc4 40.Qxd2 cxd3 0-1

[Event "29. Friedensfest-Open (AFRO-A)"]
[Site "Augsburg"]
[Date "2024.08.10"]
[Round "6.15"]
[White "Portnov, Dmitry"]
[Black "Eichschmied, Patrick"]
[Result "1/2-1/2"]
[WhiteElo "2011"]
[BlackElo "1956"]
[EventDate "2024.08.08"]
[Time "15:30:00"]
[WhiteNrv "2011"]
[BlackNrv "1956"]
[WhiteTwz "2011"]
[BlackTwz "1956"]
[WhiteFideId "34160086"]
[BlackFideId "24683663"]
[WhiteNatFedId "10795839"]
[BlackNatFedId "10043123"]
[WhiteAttr "M"]
[BlackAttr "M"]
[WhiteTeam "SC Weisse Dame Ulm e.V."]
[BlackTeam "MTV Ingolstadt"]
[PlyCount "0"]

1.d4 Nf6 2.c4 e6 3.Nc3 Bb4 4.e3 O-O 5.Bd3 d5 6.Nf3 dxc4 7.Bxc4 c5 8.O-O 
cxd4 9.exd4 b6 10.a3 Be7 11.d5 exd5 12.Nxd5 Bb7 13.Nxe7+ Qxe7 14.Bg5 Nbd7 
15.Rc1 Bxf3 16.Qxf3 Rfe8 17.Bb5 Qe5 18.Bxf6 Qxb5 19.Bc3 Qg5 20.Rcd1 Nf8 
21.Rd5 Qe7 22.Qg3 f6 23.h4 Rad8 24.Rf5 Kh8 25.h5 h6 26.Bb4 Qe2 27.Re1 Rd1 
28.Rxd1 Qxd1+ 29.Kh2 Qc2 30.Bxf8 1/2-1/2

[Event "29. Friedensfest-Open (AFRO-A)"]
[Site "Augsburg"]
[Date "2024.08.10"]
[Round "6.16"]
[White "Hollmann, Thomas"]
[Black "Soergel, Thomas"]
[Result "1-0"]
[WhiteElo "1903"]
[BlackElo "2010"]
[EventDate "2024.08.08"]
[Time "15:30:00"]
[WhiteNrv "1903"]
[BlackNrv "2010"]
[WhiteTwz "1903"]
[BlackTwz "2010"]
[WhiteFideId "12934097"]
[BlackFideId "4667980"]
[WhiteNatFedId "10257099"]
[BlackNatFedId "10209978"]
[WhiteAttr "M"]
[BlackAttr "M"]
[WhiteTeam "SG Buechenbach/Roth e.V."]
[BlackTeam "SK Graefelfing"]
[PlyCount "0"]

1.e4 e6 2.d4 d5 3.e5 c5 4.c3 Nc6 5.Nf3 Bd7 6.Be2 cxd4 7.cxd4 Be7 8.O-O f6 
9.Nc3 a6 10.Be3 Qc7 11.Qd2 fxe5 12.dxe5 Nh6 13.Bxh6 gxh6 14.Qxh6 O-O-O 15.
Rac1 Kb8 16.a3 Rdg8 17.Qe3 Qd8 18.b4 Na7 19.Rb1 Qe8 20.g3 h5 21.h4 Nb5 22.
Nxb5 Bxb5 23.Bxb5 Qxb5 24.Nd4 Qb6 25.Rbc1 Ka8 26.Kh2 Rg4 27.Nf3 Qxe3 28.
fxe3 Kb8 29.Nd4 Rhg8 30.Rf3 R4g6 31.Ne2 Bxh4 32.Rf7 Bd8 33.Rh7 h4 34.Rf1 
hxg3+ 35.Kg2 R6g7 36.Rxg7 Rxg7 37.Rf8 Kc7 38.Nf4 Re7 39.Kxg3 Kd7 40.Kf3 
Bc7 41.Nd3 Bb6 42.Rf6 Ba7 43.Nf4 Bb8 44.Ng6 Re8 45.Kf4 Bc7 46.Nf8+ Ke7 47.
Ng6+ Kd7 48.Nf8+ Ke7 49.Nxe6 Bb8 50.Kf5 Rh8 51.Nf4 Rh1 52.Nxd5+ Kd7 53.e6+
Ke8 54.e7 Rh5+ 55.Ke4 Re5+ 56.Kd4 Kd7 57.Rf8 1-0

[Event "29. Friedensfest-Open (AFRO-A)"]
[Site "Augsburg"]
[Date "2024.08.10"]
[Round "6.17"]
[White "Schwab, Matthias"]
[Black "Nissen, Christoph"]
[Result "0-1"]
[WhiteElo "2105"]
[BlackElo "1882"]
[EventDate "2024.08.08"]
[Time "15:30:00"]
[WhiteNrv "2105"]
[BlackNrv "1882"]
[WhiteTwz "2105"]
[BlackTwz "1882"]
[WhiteFideId "24622397"]
[BlackFideId "34614320"]
[WhiteNatFedId "10203034"]
[BlackNatFedId "10154652"]
[WhiteAttr "M"]
[BlackAttr "M"]
[WhiteTeam "SC Weisse Dame Ulm e.V."]
[BlackTeam "SK Caissa Augsburg"]
[PlyCount "0"]

1.d4 d5 2.Nf3 Nf6 3.g3 Bf5 4.Bg2 h6 5.c4 c6 6.Nc3 e6 7.Qb3 Qb6 8.c5 Qxb3 
9.axb3 a6 10.b4 Be7 11.h3 g5 12.g4 Bc2 13.O-O Ne4 14.Ne1 Nxc3 15.bxc3 Bb3 
16.f4 Bc4 17.Nd3 Nd7 18.Rf2 Rf8 19.Ne5 Nxe5 20.fxe5 f6 21.exf6 Rxf6 22.e4 
Kd7 23.exd5 exd5 24.Rxf6 Bxf6 25.Bf3 Re8 26.Kf2 Bd8 27.Bd2 Rf8 28.Kg2 Bd3 
29.h4 Rf7 30.Re1 gxh4 31.Bd1 Be4+ 32.Kg1 Bg5 33.Bxg5 hxg5 34.Rf1 Rxf1+ 35.
Kxf1 Bd3+ 36.Kf2 Kc7 37.Bf3 b6 38.Ke3 Bc4 39.Bg2 a5 0-1

[Event "29. Friedensfest-Open (AFRO-A)"]
[Site "Augsburg"]
[Date "2024.08.10"]
[Round "6.18"]
[White "Lichtenstern, Benjamin"]
[Black "Kelemen, Alexander"]
[Result "1-0"]
[WhiteElo "2070"]
[BlackElo "1914"]
[EventDate "2024.08.08"]
[Time "15:30:00"]
[WhiteNrv "2070"]
[BlackNrv "1914"]
[WhiteTwz "2070"]
[BlackTwz "1914"]
[WhiteFideId "24627020"]
[BlackFideId "12906700"]
[WhiteNatFedId "10128465"]
[BlackNatFedId "10254955"]
[WhiteAttr "M"]
[BlackAttr "M"]
[WhiteTeam "FC Bayern Muenchen e.V."]
[BlackTeam "SC Weisse Dame Ulm e.V."]
[PlyCount "0"]

1.d4 Nf6 2.c4 e6 3.Nf3 d5 4.g3 dxc4 5.Bg2 c5 6.O-O Nc6 7.Ne5 Bd7 8.Na3 
cxd4 9.Naxc4 Be7 10.e3 dxe3 11.Bxe3 O-O 12.Qb3 Qc8 13.Rac1 Nd5 14.Bxa7 
Rxa7 15.Bxd5 exd5 16.Nb6 Qc7 17.Nexd7 Rd8 18.Qxd5 Ra6 19.Qe4 Rxd7 20.Nxd7 
Qxd7 21.Rfd1 Qe6 22.Qf4 g5 23.Qc7 Ne5 24.Qxb7 Rxa2 25.Re1 Qf6 26.Qb8+ 1-0

[Event "29. Friedensfest-Open (AFRO-A)"]
[Site "Augsburg"]
[Date "2024.08.10"]
[Round "6.19"]
[White "Khamenya, Vitalia"]
[Black "Watzenberger, Stefan"]
[Result "0-1"]
[WhiteElo "1901"]
[BlackElo "2051"]
[EventDate "2024.08.08"]
[Time "15:30:00"]
[WhiteNrv "1901"]
[BlackNrv "2051"]
[WhiteTwz "1901"]
[BlackTwz "2051"]
[WhiteFideId "12959260"]
[BlackFideId "12941875"]
[WhiteNatFedId "10271198"]
[BlackNatFedId "10235251"]
[WhiteAttr "W"]
[BlackAttr "M"]
[WhiteTeam "SK Graefelfing"]
[BlackTeam "SC Sendling e.V."]
[PlyCount "0"]

1.e4 e5 2.Nc3 Nf6 3.Bc4 Nxe4 4.Bxf7+ Kxf7 5.Nxe4 d5 6.Ng3 Nc6 7.d3 Be7 8.
Nf3 Be6 9.O-O h6 10.Nxe5+ Nxe5 11.Qh5+ Kf6 12.h4 Bg4 13.Bg5+ Ke6 14.Bxe7 
Qxe7 0-1

[Event "29. Friedensfest-Open (AFRO-A)"]
[Site "Augsburg"]
[Date "2024.08.10"]
[Round "6.20"]
[White "Vuong, Anh-Tu"]
[Black "Yaroshenko, Yaroslav"]
[Result "0-1"]
[WhiteElo "2010"]
[BlackElo "1899"]
[EventDate "2024.08.08"]
[Time "15:30:00"]
[WhiteNrv "2010"]
[BlackNrv "1899"]
[WhiteTwz "2010"]
[BlackTwz "1899"]
[WhiteFideId "34658920"]
[BlackFideId "16204905"]
[WhiteNatFedId "10232351"]
[BlackNatFedId "10277356"]
[WhiteAttr "M"]
[BlackAttr "M"]
[WhiteTeam "TSV Landsberg 1882"]
[BlackTeam "SK Graefelfing"]
[PlyCount "0"]

1.d4 g6 2.c4 Bg7 3.g3 d6 4.Nf3 Nf6 5.Bg2 O-O 6.O-O Nbd7 7.Nc3 c5 8.d5 Ne8 
9.e4 Nc7 10.Re1 Rb8 11.a4 Na6 12.Nb5 Ra8 13.Rb1 Nb4 14.b3 a6 15.Na3 Na2 
16.Qc2 Nxc1 17.Rbxc1 Qa5 18.Re2 Rb8 19.Ne1 b5 20.Qd2 Qxd2 21.Rxd2 bxa4 22.
bxa4 Bb2 0-1

[Event "29. Friedensfest-Open (AFRO-A)"]
[Site "Augsburg"]
[Date "2024.08.10"]
[Round "6.21"]
[White "Hennig, Konrad"]
[Black "Luhn, Robert"]
[Result "0-1"]
[WhiteElo "1912"]
[BlackElo "1996"]
[EventDate "2024.08.08"]
[Time "15:30:00"]
[WhiteNrv "1912"]
[BlackNrv "1996"]
[WhiteTwz "1912"]
[BlackTwz "1996"]
[WhiteFideId "34622519"]
[BlackFideId "4683498"]
[WhiteNatFedId "10777014"]
[BlackNatFedId "10133213"]
[WhiteAttr "M"]
[BlackAttr "M"]
[WhiteTeam "FC Bayern Muenchen e.V."]
[BlackTeam "SK Caissa Augsburg"]
[PlyCount "0"]

1.d4 d5 2.Nf3 Nf6 3.c4 c6 4.Nc3 e6 5.Bg5 dxc4 6.e4 b5 7.e5 h6 8.Bh4 g5 9.
Nxg5 hxg5 10.Bxg5 Nbd7 11.exf6 Qb6 12.g3 Bb7 13.Bg2 c5 14.Bxb7 Qxb7 15.O-O
O-O-O 16.d5 b4 17.dxe6 Ne5 18.Qxd8+ Kxd8 19.e7+ Ke8 20.Rfd1 Nf3+ 21.Kf1 
Nd4 22.Ke1 Rxh2 23.exf8=Q+ Kxf8 24.Nb5 Qh1+ 25.Kd2 Rxf2+ 26.Ke3 Qf3# 0-1

[Event "29. Friedensfest-Open (AFRO-A)"]
[Site "Augsburg"]
[Date "2024.08.10"]
[Round "6.22"]
[White "Stoll, Katja"]
[Black "Li, Yunqi"]
[Result "0-1"]
[WhiteElo "1899"]
[BlackElo "1975"]
[EventDate "2024.08.08"]
[Time "15:30:00"]
[WhiteNrv "1899"]
[BlackNrv "1975"]
[WhiteTwz "1899"]
[BlackTwz "1975"]
[WhiteFideId "1271730"]
[BlackFideId "34610618"]
[WhiteNatFedId "10216731"]
[BlackNatFedId "10754717"]
[WhiteAttr "W"]
[BlackAttr "M"]
[WhiteTeam "SC Weisse Dame Ulm e.V."]
[BlackTeam "SF 59 Kornwestheim"]
[PlyCount "0"]

1.e4 e6 2.d4 d5 3.exd5 exd5 4.Bd3 Nc6 5.c3 Bd6 6.Nf3 Nge7 7.Qc2 Bg4 8.Nbd2
Qd7 9.O-O f6 10.b4 O-O-O 11.a4 g5 12.a5 Rde8 13.b5 Nd8 14.b6 a6 15.c4 c6 
16.Ba3 Ne6 17.Rfc1 Bxa3 18.Rxa3 Kb8 19.cxd5 Nxd5 20.Bc4 Nef4 21.Ne4 Bxf3 
22.Rxf3 Nb4 23.Nc5 Qxd4 24.Nxa6+ bxa6 25.Qd1 Qxd1+ 26.Rxd1 Re4 27.Bf1 Rhe8
28.g3 Nfd5 29.Rb3 Re1 30.Rxe1 Rxe1 31.Kg2 Ra1 0-1

[Event "29. Friedensfest-Open (AFRO-A)"]
[Site "Augsburg"]
[Date "2024.08.10"]
[Round "6.23"]
[White "Yin, Stanley"]
[Black "Mittermaier, Johann"]
[Result "1-0"]
[WhiteElo "1975"]
[BlackElo "1898"]
[EventDate "2024.08.08"]
[Time "15:30:00"]
[WhiteNrv "1975"]
[BlackNrv "1898"]
[WhiteTwz "1975"]
[BlackTwz "1898"]
[WhiteFideId "24622729"]
[BlackFideId "16208382"]
[WhiteNatFedId "10248263"]
[BlackNatFedId "10144722"]
[WhiteAttr "M"]
[BlackAttr "M"]
[WhiteTeam "SC Thallichtenberg"]
[BlackTeam "SV Deggendorf"]
[PlyCount "0"]

1.c4 c6 2.Nf3 d5 3.cxd5 cxd5 4.g3 Nf6 5.Bg2 Nc6 6.d4 Bf5 7.O-O Qd7 8.Re1 
h6 9.Bf4 e6 10.Ne5 Qd8 11.Qa4 Qa5 12.Qxa5 Nxa5 13.Rc1 Bd6 14.Bd2 b6 15.Nc3
Ne4 16.Nxe4 dxe4 17.f3 exf3 18.Bxf3 Rd8 19.Be1 f6 20.Bh5+ Kf8 21.Nf7 g6 
22.Nxd8 gxh5 23.Bxa5 bxa5 24.Nb7 1-0

[Event "29. Friedensfest-Open (AFRO-A)"]
[Site "Augsburg"]
[Date "2024.08.10"]
[Round "6.24"]
[White "Nitsch, Markus"]
[Black "Longo, Massimo"]
[Result "0-1"]
[WhiteElo "1877"]
[BlackElo "1972"]
[EventDate "2024.08.08"]
[Time "15:30:00"]
[WhiteNrv "1877"]
[BlackNrv "1972"]
[WhiteTwz "1877"]
[BlackTwz "1972"]
[WhiteFideId "34681124"]
[BlackFideId "16205227"]
[WhiteNatFedId "10849719"]
[BlackNatFedId "10270052"]
[WhiteAttr "M"]
[BlackAttr "M"]
[WhiteTeam "SK Caissa Augsburg"]
[BlackTeam "SK Graefelfing"]
[PlyCount "0"]

1.d4 e6 2.c4 b6 3.e4 Bb7 4.Bd3 Bb4+ 5.Kf1 Nc6 6.a3 Bf8 7.Nf3 d6 8.Nc3 e5 
9.Be3 exd4 10.Nxd4 Nge7 11.h4 Nxd4 12.Bxd4 Nc6 13.Be3 Be7 14.Nd5 Ne5 15.
Nxe7 Qxe7 16.f3 h6 17.Kf2 Qf6 18.Bc1 O-O-O 19.g3 g5 20.Rb1 Rde8 21.Bc2 g4 
22.f4 Nf3 23.b3 Qd4+ 24.Be3 Qxd1 25.Rhxd1 Bxe4 26.Rb2 Kd7 27.Bxe4 Rxe4 28.
Rc2 Rhe8 29.Rc3 Kc6 30.Rdd3 a5 31.Rd1 Kd7 32.Rdd3 c5 33.Rd1 Kc7 34.Rdd3 
R8e6 35.Rd1 Rf6 36.Rdd3 Ne5 37.Rd5 Nc6 38.Rd2 Ne7 39.Re2 Nf5 40.Rd3 Rfe6 
41.Rc3 Kc6 42.Rd3 a4 43.Rc3 Rxe3 0-1

[Event "29. Friedensfest-Open (AFRO-A)"]
[Site "Augsburg"]
[Date "2024.08.10"]
[Round "6.25"]
[White "Langner, Robin"]
[Black "Retzlaff, Nick"]
[Result "1-0"]
[WhiteElo "1968"]
[BlackElo "1823"]
[EventDate "2024.08.08"]
[Time "15:30:00"]
[WhiteNrv "1968"]
[BlackNrv "1823"]
[WhiteTwz "1968"]
[BlackTwz "1823"]
[WhiteFideId "34606190"]
[BlackFideId "34610367"]
[WhiteNatFedId "10724137"]
[BlackNatFedId "10742725"]
[WhiteAttr "M"]
[BlackAttr "M"]
[WhiteTeam "SK Freiburg-Zaehringen 1887 e.V."]
[BlackTeam "SF 59 Kornwestheim"]
[PlyCount "0"]

1.d4 Nf6 2.c4 e6 3.g3 d5 4.Bg2 c6 5.Nf3 Bd6 6.O-O O-O 7.Nc3 Re8 8.Nd2 Nbd7
9.e4 dxe4 10.Ndxe4 Nxe4 11.Nxe4 Nf6 12.Nxd6 Qxd6 13.Bf4 Qb4 14.Qc2 Bd7 15.
Rad1 Rad8 16.Bd2 Qe7 17.Bc3 b5 18.a3 Rc8 19.b3 a6 20.Bb2 Red8 21.Rd2 c5 
22.d5 exd5 23.cxd5 Bg4 24.h3 Bh5 25.f4 Qe3+ 26.Kh2 c4 27.Bd4 Qe7 28.Bxf6 
Qxf6 29.g4 cxb3 30.Qb2 Rc3 31.gxh5 Rdc8 32.d6 h6 33.d7 Rd8 34.Rf3 Rxf3 35.
Qxf6 gxf6 36.Bxf3 b2 37.Be4 a5 38.Bf5 b4 39.axb4 Rxd7 40.Rxd7 a4 41.Ra7 a3
42.Rxa3 b1=Q 43.Ra8+ Kg7 44.Rg8+ Kxg8 45.Bxb1 Kg7 46.Bf5 Kg8 47.b5 Kg7 48.
b6 Kg8 49.b7 Kg7 50.h4 Kg8 51.b8=Q+ Kg7 52.Qc7 1-0

[Event "29. Friedensfest-Open (AFRO-A)"]
[Site "Augsburg"]
[Date "2024.08.10"]
[Round "6.26"]
[White "Glaab, Nikolai"]
[Black "Stempfle, Tobias"]
[Result "1/2-1/2"]
[WhiteElo "1959"]
[BlackElo "1796"]
[EventDate "2024.08.08"]
[Time "15:30:00"]
[WhiteNrv "1959"]
[BlackNrv "1796"]
[WhiteTwz "1959"]
[BlackTwz "1796"]
[WhiteFideId "34614311"]
[BlackFideId "24698482"]
[WhiteNatFedId "10743024"]
[BlackNatFedId "10215172"]
[WhiteAttr "M"]
[BlackAttr "M"]
[WhiteTeam "SK Koenigsbrunn"]
[BlackTeam "SC Garching 1980 e.V."]
[PlyCount "0"]

1.e4 c6 2.Nc3 d5 3.Nf3 Bg4 4.h3 Bxf3 5.Qxf3 e6 6.Be2 Bc5 7.O-O Nd7 8.exd5 
cxd5 9.Na4 Bd4 10.c3 Bf6 11.d4 Ne7 12.b4 O-O 13.Nc5 b6 14.Nd3 Nf5 15.Bf4 
Be7 16.Ne5 Qc8 17.Nxd7 Qxd7 18.Bd3 Nd6 19.Bxd6 Bxd6 20.Rfe1 Rac8 21.a4 Rc7
22.a5 b5 23.a6 Rfc8 24.Re3 g6 25.Bf1 Rb8 26.g3 Rb6 27.h4 Qc8 28.Ra5 Rxa6 
29.Bxb5 Rxa5 30.bxa5 Qb8 31.Bd3 Rxc3 32.Kg2 Rc7 33.h5 Bf8 34.hxg6 hxg6 35.
Bxg6 Bg7 36.Rb3 Qc8 37.Bd3 Bxd4 38.Qh5 Bg7 39.Bh7+ Kf8 40.Rf3 Rd7 41.Bg6 
Qb7 42.a6 Qc7 43.Bd3 e5 44.Bf5 Re7 45.Rb3 e4 46.Qd1 d4 47.Qb1 d3 48.Rb8+ 
Re8 49.Rxe8+ Kxe8 50.Bxe4 d2 51.Qd3 Qd7 52.Qxd7+ 1/2-1/2

[Event "29. Friedensfest-Open (AFRO-A)"]
[Site "Augsburg"]
[Date "2024.08.10"]
[Round "6.27"]
[White "Nagy, Peter"]
[Black "Schindler, Alexander"]
[Result "1/2-1/2"]
[WhiteElo "1814"]
[BlackElo "1956"]
[EventDate "2024.08.08"]
[Time "15:30:00"]
[WhiteNrv "1814"]
[BlackNrv "1956"]
[WhiteTwz "1814"]
[BlackTwz "1956"]
[WhiteFideId "34629211"]
[BlackFideId "16248295"]
[WhiteNatFedId "10793259"]
[BlackNatFedId "10270604"]
[WhiteAttr "M"]
[BlackAttr "M"]
[WhiteTeam "Rosenheimer-SV in der"]
[BlackTeam "SF Augsburg"]
[PlyCount "0"]

1.Nf3 d5 2.g3 Nf6 3.Bg2 c5 4.O-O Nc6 5.d4 e6 6.c4 dxc4 7.Qa4 Bd7 8.Qxc4 b5
9.Qc2 cxd4 10.Qd3 Rc8 11.a3 Qb6 12.Bf4 a5 13.Rd1 Bc5 14.Nbd2 a4 15.b4 Be7 
16.Ne4 Nxe4 17.Qxe4 Bf6 18.Ne5 Nxe5 19.Bxe5 Rc4 20.Rd3 Bc6 21.Qf4 Bxe5 22.
Qxe5 O-O 23.Bxc6 Qxc6 24.Rxd4 Rc1+ 25.Rxc1 Qxc1+ 26.Kg2 Qxa3 27.Qxb5 Qb2 
28.Rd7 a3 29.Ra7 a2 30.Qa6 Qxb4 31.Qxa2 1/2-1/2

[Event "29. Friedensfest-Open (AFRO-A)"]
[Site "Augsburg"]
[Date "2024.08.10"]
[Round "6.28"]
[White "Elsinga, Brian"]
[Black "Dauer, Maximilian"]
[Result "0-1"]
[WhiteElo "1811"]
[BlackElo "1948"]
[EventDate "2024.08.08"]
[Time "15:30:00"]
[WhiteNrv "1811"]
[BlackNrv "1948"]
[WhiteTwz "1811"]
[BlackTwz "1948"]
[WhiteFideId "1089439"]
[BlackFideId "1270802"]
[BlackNatFedId "10033526"]
[WhiteAttr "M"]
[BlackAttr "M"]
[WhiteTeam "?"]
[BlackTeam "Spgem Koetz/Ichenhausen"]
[PlyCount "0"]

1.c4 c6 2.Nf3 d5 3.g3 Bg4 4.Bg2 dxc4 5.Na3 Nd7 6.Nxc4 Ngf6 7.O-O e6 8.d3 
Bxf3 9.Bxf3 Qc7 10.a3 a5 11.Bd2 Be7 12.b4 axb4 13.axb4 O-O 14.Qb3 Ne5 15.
Bg2 Nxc4 16.Qxc4 Qe5 17.d4 Qf5 18.Ra5 Rxa5 19.bxa5 Ne4 20.Bb4 Nd6 21.Qb3 
Qb5 22.e3 Nc4 23.Rb1 Qxb4 24.Qxb4 Bxb4 25.Rxb4 Nxa5 26.Ra4 b6 27.Kf1 Rb8 
28.Ke2 Kf8 29.Ra2 Ke7 30.Kd3 Kd6 31.h4 f6 32.h5 h6 33.g4 e5 34.Ra3 exd4 
35.exd4 Re8 36.Be4 Re7 37.f3 c5 38.dxc5+ Kxc5 39.Ra4 Rd7+ 40.Kc3 Rd1 41.
Kc2 Rd4 42.Ra3 Kb4 43.Re3 Nc4 44.Rb3+ Kc5 45.Kc3 Rd1 46.Kc2 Rd2+ 47.Kc3 
Rf2 48.Kd3 b5 49.Rb1 b4 50.Ba8 Rd2+ 51.Ke4 Rd8 52.Ra1 b3 53.Kf5 b2 54.Rb1 
Rxa8 55.Kg6 Ra7 0-1

[Event "29. Friedensfest-Open (AFRO-A)"]
[Site "Augsburg"]
[Date "2024.08.10"]
[Round "6.29"]
[White "Schrimpf, Michael"]
[Black "Edelmann, Oliver"]
[Result "0-1"]
[WhiteElo "1780"]
[BlackElo "1944"]
[EventDate "2024.08.08"]
[Time "15:30:00"]
[WhiteNrv "1780"]
[BlackNrv "1944"]
[WhiteTwz "1780"]
[BlackTwz "1944"]
[WhiteFideId "1676237"]
[BlackFideId "16272650"]
[BlackNatFedId "10703890"]
[WhiteAttr "M"]
[BlackAttr "M"]
[WhiteTeam "SF Augsburg"]
[BlackTeam "SK Graefelfing"]
[PlyCount "0"]

1.e4 c6 2.d4 d5 3.e5 Bf5 4.h4 h5 5.Bg5 Qb6 6.Bd3 Bxd3 7.Qxd3 e6 8.Nd2 c5 
9.Ngf3 c4 10.Qe3 Qxb2 11.Rb1 Qxc2 12.Rxb7 Qc1+ 13.Ke2 Qxh1 14.Qf4 Ne7 15.
Bxe7 Bxe7 16.Ng5 Rf8 17.Qg3 Nc6 18.Nxe6 fxe6 19.Qg6+ Kd8 20.Nf3 Rxf3 21.
gxf3 Nxd4+ 22.Kd2 c3+ 23.Kd3 Qd1+ 24.Ke3 Qd2# 0-1

[Event "29. Friedensfest-Open (AFRO-A)"]
[Site "Augsburg"]
[Date "2024.08.10"]
[Round "6.30"]
[White "Holuba, Stefan"]
[Black "Vranckx, Oscar"]
[Result "0-1"]
[WhiteElo "1692"]
[BlackElo "1937"]
[EventDate "2024.08.08"]
[Time "15:30:00"]
[WhiteNrv "1692"]
[BlackNrv "1937"]
[WhiteTwz "1692"]
[BlackTwz "1937"]
[WhiteFideId "34667520"]
[BlackFideId "34608788"]
[WhiteNatFedId "10088445"]
[BlackNatFedId "10733103"]
[WhiteAttr "M"]
[BlackAttr "M"]
[WhiteTeam "SK Caissa Augsburg"]
[BlackTeam "Sfr.Mainz 1928"]
[PlyCount "0"]

1.d4 d5 2.c4 e6 3.Nc3 c5 4.cxd5 cxd4 5.Qxd4 Nc6 6.Qd1 exd5 7.e3 Nf6 8.h3 
Bc5 9.Nf3 Be6 10.Bd3 Qe7 11.O-O O-O-O 12.Nb5 Kb8 13.Nbd4 Nxd4 14.Nxd4 g5 
15.b4 Bd6 16.Qa4 Bd7 17.b5 g4 18.Rb1 Qe5 19.Nc6+ Bxc6 20.f4 gxf3 21.bxc6 
Qh2+ 0-1

[Event "29. Friedensfest-Open (AFRO-A)"]
[Site "Augsburg"]
[Date "2024.08.10"]
[Round "6.31"]
[White "Haselbeck, Franz"]
[Black "Sensoy, Emir"]
[Result "1-0"]
[WhiteElo "1929"]
[BlackElo "1776"]
[EventDate "2024.08.08"]
[Time "15:30:00"]
[WhiteNrv "1929"]
[BlackNrv "1776"]
[WhiteTwz "1929"]
[BlackTwz "1776"]
[WhiteFideId "1270356"]
[BlackFideId "34607390"]
[WhiteNatFedId "10075444"]
[BlackNatFedId "10730374"]
[WhiteAttr "M"]
[BlackAttr "M"]
[WhiteTeam "SG Traunstein/Traunreut e.V."]
[BlackTeam "MSA Zugzwang 82 e.V."]
[PlyCount "0"]

1.Nf3 d5 2.g3 c5 3.Bg2 Nf6 4.O-O Nc6 5.d3 g6 6.Nbd2 Bg7 7.e4 dxe4 8.dxe4 
O-O 9.Re1 Qc7 10.c3 Rd8 11.Qe2 Bd7 12.Nc4 e5 13.a4 Be6 14.Bg5 h6 15.Bxf6 
Bxf6 16.Rad1 Na5 17.Ne3 Bb3 18.Rxd8+ Rxd8 19.Nd2 Bxa4 20.Nd5 Qc6 21.Ra1 
Rd6 22.Qf3 Bg5 23.h4 Bd8 24.c4 Qd7 25.Qe3 b6 26.Qxh6 g5 27.Qh5 gxh4 28.
gxh4 Rg6 29.Ra3 b5 30.b3 Bxb3 31.Nxb3 Nxc4 32.Ra2 a5 33.Nxc5 Qc6 34.Nd3 b4
35.Nxe5 Nxe5 36.Qxe5 Bxh4 37.Rxa5 Qc1+ 38.Kh2 Bg3+ 39.fxg3 Rh6+ 40.Bh3 
Qd2+ 41.Kg1 Qe1+ 42.Bf1 Rh1+ 43.Kxh1 Qxf1+ 44.Kh2 Qf2+ 45.Kh3 Qf1+ 46.Kg4 
Qe2+ 47.Kg5 Qd2+ 48.Qf4 Qd4 49.Ra8+ Kg7 50.Qf6+ Qxf6+ 51.Nxf6 b3 52.Rg8# 
1-0

[Event "29. Friedensfest-Open (AFRO-A)"]
[Site "Augsburg"]
[Date "2024.08.10"]
[Round "6.32"]
[White "Seisenberger, Georg"]
[Black "Boehm, Bruno"]
[Result "1-0"]
[WhiteElo "2031"]
[BlackElo "1866"]
[EventDate "2024.08.08"]
[Time "15:30:00"]
[WhiteNrv "2031"]
[BlackNrv "1866"]
[WhiteTwz "2031"]
[BlackTwz "1866"]
[WhiteFideId "12903574"]
[BlackFideId "4699238"]
[WhiteNatFedId "10206064"]
[BlackNatFedId "10019158"]
[WhiteAttr "M"]
[BlackAttr "M"]
[WhiteTeam "SV Ilmmuenster"]
[BlackTeam "SK Freising"]
[PlyCount "0"]

1.d4 d5 2.c4 e6 3.Nc3 c5 4.Nf3 cxd4 5.Nxd4 e5 6.Nf3 d4 7.Nd5 Nc6 8.e3 Nf6 
9.exd4 e4 10.Ne5 Nxd5 11.cxd5 Bb4+ 12.Bd2 Qxd5 13.Bxb4 Nxb4 14.Qa4+ Nc6 
15.Bc4 Qa5+ 16.Qxa5 Nxa5 17.Bxf7+ Ke7 18.Bd5 Rd8 19.Bxe4 Rxd4 20.Bxh7 Kf6 
21.Nf3 Rg4 22.O-O Bd7 23.Bd3 Bc6 24.h3 Rb4 25.b3 Bxf3 26.gxf3 Rh8 27.Kg2 
Rbh4 28.Rh1 Nc6 29.Rae1 Ne7 30.Be4 a5 31.Kg3 b6 32.Rd1 Ke6 33.Kg2 Rf8 34.
Rhe1 Rf6 35.Bg6+ 1-0

[Event "29. Friedensfest-Open (AFRO-A)"]
[Site "Augsburg"]
[Date "2024.08.10"]
[Round "6.33"]
[White "Koppen, Harald"]
[Black "Kelembet, Maksym"]
[Result "1/2-1/2"]
[WhiteElo "1995"]
[BlackElo "1864"]
[EventDate "2024.08.08"]
[Time "15:30:00"]
[WhiteNrv "1995"]
[BlackNrv "1864"]
[WhiteTwz "1995"]
[BlackTwz "1864"]
[WhiteFideId "12946982"]
[BlackFideId "34684735"]
[WhiteNatFedId "10271200"]
[BlackNatFedId "10828571"]
[WhiteAttr "M"]
[BlackAttr "M"]
[WhiteTeam "TUS Holzkirchen"]
[BlackTeam "SV Jedesheim 1921"]
[PlyCount "0"]

1.e4 c5 2.Nf3 e6 3.d4 cxd4 4.Nxd4 Nf6 5.Nc3 Nc6 6.Ndb5 Bb4 7.a3 Bxc3+ 8.
Nxc3 d5 9.exd5 exd5 10.Bd3 O-O 11.O-O Bg4 12.f3 Be6 13.Bg5 Qb6+ 14.Kh1 Nd7
15.Qd2 Nc5 16.Be2 d4 17.Ne4 Nxe4 18.fxe4 f6 19.Bh4 Rac8 20.Bf2 Rfd8 21.b4 
Ne5 22.Rfd1 Qc6 23.Bd3 Bg4 24.Rdc1 Qc3 25.Qf4 Rc7 26.h3 Bh5 27.Be1 Qc6 28.
a4 Rdc8 29.Bd2 Qe6 30.Qf2 Qd6 31.Qe1 Nc4 32.Rcb1 Nxd2 33.Qxd2 Qg3 34.Rf1 
Bf7 35.Qf4 Qxf4 36.Rxf4 Bc4 1/2-1/2